Archív - pamäť školy
Archív Ekonomickej univerzity v Bratislave s postavením špecializovaného verejného archívu (od 2005). História archívu, vývoj, poslanie, činnosť, vydavateľská činnosť, archívne pomôcky.
Saved in:
| Main Author: | |
|---|---|
| Format: | Book Chapter |
| Language: | Slovak |
| Subjects: | |
| Tags: |
No Tags, Be the first to tag this record!
|
MARC
| LEADER | 00000naa$a2200000$$$4500 | ||
|---|---|---|---|
| 001 | 0040028 | ||
| 005 | 20230622114523.2 | ||
| 041 | 0 | |a slo | |
| 044 | |a SK | ||
| 245 | 1 | 0 | |a Archív - pamäť školy |c Eva Kočiová |
| 520 | |a Archív Ekonomickej univerzity v Bratislave s postavením špecializovaného verejného archívu (od 2005). História archívu, vývoj, poslanie, činnosť, vydavateľská činnosť, archívne pomôcky. | ||
| 610 | 2 | 0 | |a Ekonomická univerzita v Bratislave |
| 610 | 2 | 0 | |a archívnictvo |
| 610 | 2 | 0 | |a archívy |
| 100 | 1 | |a Kočiová, Eva, 1961- | |